Fertilizer use in African agriculture lessons learned and good practice guidelines
Na minha lista:
| Autor principal: | |
|---|---|
| Formato: | Livro |
| Idioma: | inglês |
| Publicado em: |
Washington, D.C.
<The> World Bank
2007
|
| Colecção: | Directions in development
|
| Assuntos: | |
| Tags: |
Sem tags, seja o primeiro a adicionar uma tag!
|
MARC
| LEADER | 00000nlm$a2200000$$$4500 | ||
|---|---|---|---|
| 001 | 0059897 | ||
| 005 | 20240315115251.9 | ||
| 020 | |a 978-0-8213-6880-0 | ||
| 020 | |a 0-8213-6880-X | ||
| 041 | 0 | |a eng | |
| 044 | |a US | ||
| 245 | 1 | 0 | |a Fertilizer use in African agriculture |b lessons learned and good practice guidelines |c Michael Morris ... [et al.] |
| 264 | 1 | |a Washington, D.C. |b <The> World Bank |c 2007 | |
| 300 | |a CD-ROM | ||
| 490 | 1 | |a Directions in development | |
| 830 | 0 | |a Directions in development | |
| 610 | 2 | 0 | |a poľnohospodárstvo |
| 610 | 2 | 0 | |a krajiny rozvojové |
| 610 | 2 | 0 | |a hnojivá |
| 610 | 2 | 0 | |a pôda |
| 610 | 2 | 0 | |a dotácie |
| 610 | 2 | 0 | |a Afrika |
| 100 | 1 | |a Morris, Michael | |